000 01196cam a22002778a 4500
001 0000005628
005 20170406120852.0
008 060302s2006 mdu 000 0deng
010 _a 2006007502
020 _a1933146222
040 _aDLC
_cDLC
_dDLC
042 _ac=Program for Cooperative Cataloging
043 _af-rh---
050 0 0 _aJQ2925
_b.C43 2006
082 0 0 _a968.9105/1
_222
100 1 _aChan, Stephen,
_d1949-.
245 1 0 _aCitizen of Africa :
_bconversations with Morgan Tsvangirai /
_cStephen Chan.
260 _aBethesda, MD :
_bAcademica Press,
_cc2006.
263 _a0605
300 _ap. cm.
505 0 _aIntroduction -- A short history -- Inclusiveness and opposition -- The battle for ownership of the mind -- Internationalism and reconciliation -- Perseverance -- AIDS and aid: disease and conditionality -- Traditional culture, modernity and democracy -- Healing and the future -- A rueful reflection.
600 1 0 _aTsvangirai, Morgan,
_d1952-
_vInterviews.
650 0 _aPresidential candidates
_zZimbabwe
_vInterviews.
852 1 _9p12.00usd
856 4 1 _3Table of contents only
_uhttp://www.loc.gov/catdir/toc/ecip0610/2006007502.html
908 _a150114
999 _c5412
_d5412